Die drei größten Orte pro Landkreis in Niedersachsen - Statistiken

Allgemein
  • Dieses Quiz wurde 84 mal gespielt
  • Das Durchschnittsergebnis liegt bei 47 aus 111
Antwortstatistiken
Landkreis Einwohner Orte % Korrekt
Celle 66.834 Celle
95%
Aurich 42.612 Aurich
92%
Leer 34.025 Leer (Ostfriesland)
92%
Cloppenburg 36.565 Cloppenburg
90%
Cuxhaven 49.697 Cuxhaven
88%
Goslar 47.419 Goslar
88%
Region Hannover 522.131 Hannover
88%
Uelzen 32.821 Uelzen
88%
Helmstedt 25.099 Helmstedt
87%
Vechta 33.728 Vechta
87%
Hameln-Pyrmont 58.244 Hameln
85%
Hildesheim 98.510 Hildesheim
85%
Lüneburg 74.785 Lüneburg
85%
Peine 50.987 Peine
85%
Stade 48.633 Stade
85%
Wittmund 20.037 Wittmund
83%
Wolfenbüttel 52.604 Wolfenbüttel
83%
Gifhorn 42.726 Gifhorn
82%
Göttingen 127.259 Göttingen
82%
Nienburg 32.608 Nienburg/Weser
80%
Holzminden 18.921 Holzminden
78%
Lüchow-Dannenberg 9.170 Lüchow (Wendland)
78%
Osterholz 29.710 Osterholz-Scharmbeck
78%
Rotenburg (Wümme) 23.117 Rotenburg (Wümme)
78%
Verden 27.121 Verden (Aller)
78%
Northeim 27.326 Northeim
75%
Lüchow-Dannenberg 7.966 Dannenberg (Elbe)
70%
Stade 40.886 Buxtehude
68%
Aurich 25.178 Norden
68%
Emsland 56.498 Lingen (Ems)
67%
Cuxhaven 31.093 Geestland
62%
Region Hannover 59.903 Garbsen
60%
Grafschaft Bentheim 56.973 Nordhorn
58%
Heidekreis 22.511 Soltau
58%
Celle 12.711 Winsen (Aller)
57%
Harburg 36.961 Winsen (Luhe)
57%
Harburg 41.737 Buchholz in der Nordheide
55%
Emsland 36.930 Meppen
55%
Emsland 37.206 Papenburg
53%
Grafschaft Bentheim 16.798 Bad Bentheim
52%
Hameln-Pyrmont 19.722 Bad Pyrmont
52%
Region Hannover 54.142 Langenhagen
52%
Verden 32.870 Achim
50%
Friesland 14.774 Jever
50%
Osnabrück 46.436 Melle
48%
Ammerland 29.698 Bad Zwischenahn
45%
Northeim 29.751 Einbeck
45%
Osnabrück 28.220 Bramsche
42%
Harburg 44.158 Seevetal
42%
Schaumburg 25.602 Rinteln
40%
Ammerland 23.938 Westerstede
40%
Goslar 19.489 Bad Harzburg
38%
Göttingen 23.478 Hann. Münden
38%
Wesermarsch 25.889 Nordenham
38%
Rotenburg (Wümme) 18.564 Bremervörde
37%
Osnabrück 31.244 Georgsmarienhütte
37%
Diepholz 25.270 Syke
37%
Wesermarsch 15.200 Brake (Unterweser)
35%
Schaumburg 22.638 Stadthagen
35%
Schaumburg 19.221 Bückeburg
33%
Vechta 28.089 Lohne
33%
Heidekreis 31.019 Walsrode
33%
Oldenburg 31.494 Ganderkesee
32%
Uelzen 9.466 Bad Bevensen
30%
Oldenburg 21.155 Wildeshausen
30%
Helmstedt 15.395 Königslutter am Elm
28%
Friesland 24.704 Varel
28%
Wittmund 6.998 Esens
27%
Cloppenburg 22.685 Friesoythe
25%
Diepholz 33.913 Stuhr
25%
Ammerland 22.896 Rastede
23%
Peine 18.138 Vechelde
23%
Diepholz 30.975 Weyhe
23%
Gifhorn 11.136 Wittingen
23%
Hildesheim 17.956 Alfeld (Leine)
22%
Lüchow-Dannenberg 4.566 Hitzacker (Elbe)
22%
Heidekreis 19.061 Schneverdingen
22%
Goslar 18.657 Seesen
22%
Rotenburg (Wümme) 13.958 Zeven
20%
Celle 12.991 Bergen
18%
Uelzen 6.597 Bienenbüttel
18%
Göttingen 21.598 Osterode am Harz
18%
Friesland 20.995 Schortens
18%
Peine 21.469 Ilsede
17%
Cuxhaven 16.769 Wurster Nordseeküste
17%
Lüneburg 10.818 Adendorf
15%
Vechta 17.508 Damme
15%
Helmstedt 11.874 Lehre
15%
Osterholz 20.166 Lilienthal
15%
Northeim 13.536 Uslar
15%
Wesermarsch 9.004 Elsfleth
13%
Leer 23.365 Moormerland
13%
Hildesheim 19.405 Sarstedt
13%
Lüneburg 9.154 Bleckede
12%
Grafschaft Bentheim 13.562 Schüttorf
12%
Hameln-Pyrmont 18.567 Hessisch Oldendorf
10%
Nienburg 9.942 Rehburg-Loccum
10%
Wolfenbüttel 8.566 Schladen-Werla
10%
Osterholz 19.937 Schwanewede
10%
Leer 21.127 Westoverledingen
10%
Verden 16.380 Oyten
8%
Holzminden 4.868 Stadtoldendorf
8%
Aurich 18.368 Südbrookmerland
8%
Wolfenbüttel 12.907 Cremlingen
7%
Cloppenburg 15.152 Garrel
7%
Gifhorn 11.913 Sassenburg
7%
Nienburg 7.079 Stolzenau
7%
Oldenburg 16.484 Wardenburg
7%
Wittmund 10.280 Friedeburg
5%
Stade 14.782 Harsefeld
5%
Holzminden 7.283 Delligsen
2%
Keine übereinstimmenden Quizze gefunden
Verteilung der Resultate
Anzahl Personen mit jedem Resultat
Perzentil nach korrekt beantworteten Fragen
Ihre Resultats-Entwicklung
Sie haben dieses Quiz noch nicht gespielt